Регионална библиотека "Любен Каравелов" - Русе

Краткое руководство по греческим древностям (Запис номер 390458)

MARC детайли
000 -Лидер
Контролно поле с фиксирана дължина nam a22 a 4500
003 - Код на организацията, давaща контролен номер
Контролно поле BLK
005 - Дата и час на последна редакция
Контролно поле 20201022103515.0
008 - Елементи от данни с фиксирана дължина
fixed length control field 201022b bu |||||r|||||00| | bu d
040 ## - Източник на каталожния запис
Идентификатор на билиотеката - собственик на записа BLK
041 ## - Код за език
Код за езика на текст/звукозапис или на отделно заглавие Руски
Код за езика КДБФ Руски
080 ## - УДК
Текстов определител УДК История на Гърция (до 323 г. н. е.). Древна Гърция
УДК код - определител по УДК 94(38)
УДК - код + определител 94(38)
100 ## - Редна дума - Автор
R(LIN) 1299
Автор Бойезен, Эрнст Фредерик
Авторска отговорност първи автор
139 ## - Редно поле
Редна дума Бойезен, Эрнст Фредерик
245 ## - Сведения за заглавието
Заглавие Краткое руководство по греческим древностям
Редно поле (дума) Бойезен ; пер. со 2-го нем. изд., обраб. Эмилием Санто, К. Земберг, и. о. инспектора Одес. 2 гимназии.
250 ## - Област на изданието
Сведения за изданието 2-е изд., пересм.
257 ## - Страна на издаване
Страна на създаване/издаване Русия
260 ## - Област на издателските данни
9 (RLIN) 389313
Място на издаване, разпространение и проч. Рига
Име на издателя, разпространителя и проч. Николай Киммель
Година на издаване 1892
300 ## - Физическа характеристика
Страници VIII, 279 с.
Размери/Мащаб 22 см
380 ## - Жанр
Жанр История
490 ## - СЕРИИ (Колекции)
9 (RLIN) 435080
Име на серия Колекция Редки и ценни издания
650 #0 - Допълнително описание по предмет – тема
9 (RLIN) 244549
Основно описание – тема или топоним Древна Гърция - история
852 ## - Местоположение
Форматна сигнатура Рр 892
Фондова буква Редки и ценни
999 ## - СИСТЕМНИ КОНТРОЛНИ НОМЕРА
Koha biblionumber 390458
Koha biblioitemnumber 390458
942 ## - АРТИКУЛИ
Вид на библиотечния материал Книги
Скрит в OPAC Не
Периодичен библиозапис Да
944 ## - СЪЗДАВАНЕ И РЕДАКЦИЯ на ЗАПИСА
Дата на регистрацията/редакция 2020-10-22
Служител, извършил регистрацията/редакцията ВК
Наличности
Код за отписване Код за изгубен артикул Източник на класификационната схема Код за повреда Коз за рестрикции Код за отдаване Артикулен № Име на библиотеката - собственик Име на библиотеката, в която се намира в момента Статус (Текущо местоположение) Дата на вписване в системата Местоположение - отдел Цена в лева Инвентарен номер Систематично азбучна сигнатура Баркод Цена в евро Служебен тип на артикула
  Не е изгубен Universal Decimal Classification Не е повреден само за читалня Специални фондове ( старопечатни, редки и ценни, фонд М. Арнаудов) 803912 Регионална библиотека "Любен Каравелов" Русе Регионална библиотека "Любен Каравелов" Русе Редки и ценни 2020-10-26 Редки и ценни 0.55 12845/58 Рр 892 900000036791 0.28 Книги
Vip Innovations Ltd, Rousse, Bulgaria 2025